COLLEGE BOTANY (Record no. 211622)

MARC details
000 -LEADER
fixed length control field 00355nam a22001457a 4500
008 - FIXED-LENGTH DATA ELEMENTS--GENERAL INFORMATION
fixed length control field 240826b |||||||| |||| 00| 0 eng d
020 ## - INTERNATIONAL STANDARD BOOK NUMBER
International Standard Book Number 81-219-3900-3
100 ## - MAIN ENTRY--PERSONAL NAME
Personal name PANDEY.B.P
245 ## - TITLE STATEMENT
Title COLLEGE BOTANY
260 ## - PUBLICATION, DISTRIBUTION, ETC.
Place of publication, distribution, etc. NEW DELHI.
Name of publisher, distributor, etc. C.CHAND AND COMPANY LTD
300 ## - PHYSICAL DESCRIPTION
Extent V11,1380P.
650 ## - SUBJECT ADDED ENTRY
Topical term or geographic name entry element 1.PLANTS
942 ## - ADDED ENTRY ELEMENTS (KOHA)
Source of classification or shelving scheme Library of Congress Classification
Koha item type Long Loan Book
Holdings
Withdrawn status Lost status Source of classification or shelving scheme Damaged status Not for loan Collection Home library Current library Shelving location Date acquired Inventory number Total checkouts Full call number Barcode Date last seen Date last checked out Copy number Price effective from Koha item type
    Library of Congress Classification     Science & Technology Kisii University Library Kisii University Library On Display 08/26/2024 40457 1 QK47.P36 2011 V.3 000000006264 12/02/2025 11/18/2025 C.1 08/26/2024 Long Loan Book